| 000 | 00788cam a22002773a 4500 | ||
|---|---|---|---|
| 001 | 0000770 | ||
| 003 | DO-SdBNP | ||
| 005 | 20180208104526.0 | ||
| 007 | 0000770 | ||
| 008 | 861112 1981 sp a 000 0 spa d | ||
| 010 | _a | ||
| 020 | _a8430512187 | ||
| 040 |
_aBPMSU _cspa _dBPMSU _d |
||
| 100 | 1 | _aHerrera, Juan Ignacio | |
| 245 | 1 | 0 |
_aVictoria I de Inglaterra / _cJuan Ignacio Herrera ; ilustraciones J. P. Montero |
| 246 | 1 | _aReina Victoria I de Inglaterra / | |
| 260 |
_aMadrid, EspaƱa : _bSusaeta ediciones, _c1981. |
||
| 300 |
_a94 p. : _bil. ; _c20 cm. |
||
| 490 |
_aVidas ilustres _v19 |
||
| 600 | 0 | 0 |
_a _x |
| 700 | 1 | 2 |
_aMontero, J. P. _eil. |
| 830 | 0 |
_aVidas ilustres _n19 |
|
| 942 |
_2ddc _cBK |
||
| 945 | _aInventariado, 2018 /LP | ||
| 956 |
_2YLOCKWARD _310 _8BPMSU |
||
| 999 |
_c11754 _d11754 |
||